000 00335nam a2200121Ia 4500
008 230907s9999||||xx |||||||||||||| ||und||
082 _a690.0286
_bWIN
100 _aWing, Charles,
_9116183
245 4 _aThe visual handbook of energy conservation :
300 _a375 pages :
650 _aHandbooks, manuals, etc.
_911475
942 _cBK
999 _c601563
_d601563